Electromagnetic and electromechanical machines (Record no. 10664)

000 -LEADER
fixed length control field 00566nam a2200205 i 4500
001 - CONTROL NUMBER
control field 10664
003 - CONTROL NUMBER IDENTIFIER
control field BD-DhUET
008 - FIXED-LENGTH DATA ELEMENTS--GENERAL INFORMATION
fixed length control field 761104s1977 nyua b 001 0 eng
020 ## - INTERNATIONAL STANDARD BOOK NUMBER
International Standard Book Number 0700225013
040 ## - CATALOGING SOURCE
Original cataloging agency DLC
Transcribing agency DLC
Modifying agency BD-DhUET
082 ## - DEWEY DECIMAL CLASSIFICATION NUMBER
Classification number 623.13
Item number MAT/1977
100 1# - MAIN ENTRY--PERSONAL NAME
Personal name Matsch, Leander W.
245 10 - TITLE STATEMENT
Title Electromagnetic and electromechanical machines
250 ## - EDITION STATEMENT
Edition statement 2nd ed.
260 ## - PUBLICATION, DISTRIBUTION, ETC. (IMPRINT)
Place of publication, distribution, etc. New York
Name of publisher, distributor, etc. IEP-A Dun-Donnelley Publisher
Date of publication, distribution, etc. 1977
300 ## - PHYSICAL DESCRIPTION
Extent ix, 566 p.
Other physical details ill.
Dimensions 24 cm.
504 ## - BIBLIOGRAPHY, ETC. NOTE
Bibliography, etc Includes bibliographies
650 #0 - SUBJECT ADDED ENTRY--TOPICAL TERM
Topical term or geographic name as entry element Electric machinery
942 ## - ADDED ENTRY ELEMENTS (KOHA)
Koha item type General Book
Holdings
Koha full call number Price effective from Shelving location Location (home branch) Withdrawn status Copy number Koha date last seen Date acquired Koha item type Lost status Not for loan Sublocation or collection (holding branch) Damaged status Koha normalized classification for sorting Piece designation (barcode) Source of classification or shelving scheme
623.13/MAT/19772015-02-09Circulation sectionCentral Library, BUET 12015-02-092015-02-09General Book  Central Library, BUET 623_130000000000000_MAT_197765248 
623.13/MAT/19772015-02-10Circulation sectionCentral Library, BUET 22015-02-102015-02-10General Book  Central Library, BUET 623_130000000000000_MAT_197742097 
623.13/MAT/19772015-02-16Circulation sectionCentral Library, BUET 32015-02-162015-02-16General Book  Central Library, BUET 623_130000000000000_MAT_197742096 
623.13/MAT/19772015-05-04Circulation sectionCentral Library, BUET 42015-05-042015-05-04General Book  Central Library, BUET 623_130000000000000_MAT_197771227